00429nam a2200181Ia 4500003000400000005001700004008004100021020001800062041000800080082002500088100001400113245002300127260004100150300002000191500001200211500001000223700001400233OSt20260108163534.0251219s9999 xx 000 0 und d a9788184956023 aeng a338.4797bFRI DB3271 aFritz J M aHumpi Vijayanagara bJaico Publication House/Mumbaic2017 a157bPaper Back aTourism aHampi 4Michell G